| 000 | 00934cam a2200253 a 4500 | ||
|---|---|---|---|
| 003 | MX-MxUPN | ||
| 005 | 20250306155146.0 | ||
| 008 | 081001s1991 mx r 000 0 spa d | ||
| 020 | _a9686492232 | ||
| 035 | _aUPN01000161677 | ||
| 040 |
_aMX-MxUPN _bspa |
||
| 041 | 0 | _aspa | |
| 050 | 4 |
_aF1221 T9 _bA75 1991 |
|
| 100 | 1 |
_aArias, Jacinto _955826 |
|
| 245 | 1 | 3 |
_aEl mundo numinoso de los mayas : _bestructura y cambios contemporáneos |
| 250 | _aSegunda edición | ||
| 260 |
_aTuxtla Gutiérrez, Chiapas : _bConsejo Estatal de Fomento a la Investigación y difusión de la Cultura : _bDesarrollo Integral de la Familia Chiapas : _bInstituto Chiapaneco de Cultura, _c1991. |
||
| 300 | _a95 páginas | ||
| 490 | 0 | _aChiapas. Serie antropología | |
| 650 | 4 |
_aTzotziles _xVida social y costumbres _98412 |
|
| 650 | 7 |
_aTzeltales _xVida social y costumbres _919788 |
|
| 902 | _bVíctorGodínez/060325 | ||
| 942 |
_2lcc _cLIBRO |
||
| 999 |
_c133790 _d133790 |
||